[Event "Caissa Guatemala Online"]
[Site "Chess.com INT"]
[Date "2021.01.23"]
[Round "1"]
[White "Guzman, Jimmy"]
[Black "Juracan R, Jogli Edbin"]
[Result "1-0"]
[WhiteElo "1867"]
[BlackElo "1315"]
[PlyCount "91"]
[EventDate "2021.01.23"]
[EventType "swiss (blitz)"]
[EventRounds "7"]
[EventCountry "GUA"]
[SourceTitle "CBM 200 Extra"]
[Source "ChessBase"]
[SourceDate "2021.03.31"]
[SourceVersion "1"]
[SourceVersionDate "2021.03.31"]
[SourceQuality "1"]

1. e4 e5 2. Nf3 d5 3. Nxe5 Bd6 4. d4 dxe4 5. Nc4 Nf6 6. Bg5 Bf5 7. Nc3 Nbd7 8. Qd2 a6 9. Be2 Be7 10. Ne3 Bg6 11. h4 h6 12. Bf4 c6 13. 0-0-0 0-0 14. g4 Ne8 15. Nf5 Bxf5 16. gxf5 Bxh4 17. Rdg1 Bxf2 18. Rg2 Bh4 19. Bxh6 Bf6 20. Rhg1 Kh7 21. Rh1 Kg8 22. Nxe4 Nb6 23. Be3 Nd5 24. Rgh2 g6 25. Nxf6+ Qxf6 26. Bg5 Qg7 27. Bh6 Qf6 28. Bxf8 Kxf8 29. fxg6 Qxg6 30. Bd3 Qf6 31. Qe1 Qf4+ 32. Kb1 Nef6 33. Rh8+ Kg7 34. Qg1+ Ng4 35. R1h7+ Kf6 36. Rxa8 Nde3 37. a3 Ke7 38. Rhh8 Qxd4 39. Rhe8+ Kf6 40. Qg3 Qd5 41. Re4 Qd7 42. Qf3+ Kg7 43. Rxe3 Nxe3 44. Qxe3 Qc7 45. Re8 b5 46. Qg5# 1-0

[Event "Caissa Guatemala Online"]
[Site "Chess.com INT"]
[Date "2021.01.23"]
[Round "6"]
[White "Juracan R, Jogli Edbin"]
[Black "Lopez, Moises Antonio"]
[Result "0-1"]
[WhiteElo "1315"]
[BlackElo "1688"]
[PlyCount "138"]
[EventDate "2021.01.23"]
[EventType "swiss (blitz)"]
[EventRounds "7"]
[EventCountry "GUA"]
[SourceTitle "CBM 200 Extra"]
[Source "ChessBase"]
[SourceDate "2021.03.31"]
[SourceVersion "1"]
[SourceVersionDate "2021.03.31"]
[SourceQuality "1"]

1. e4 c6 2. d4 d5 3. e5 Bf5 4. Nf3 e6 5. c4 Ne7 6. Nc3 Nd7 7. Bg5 h6 8. Bh4 Qa5 9. Be2 dxc4 10. Bxc4 g5 11. Bg3 Nb6 12. Bb3 Ned5 13. Qd2 Bb4 14. Rc1 Rc8 15. 0-0 0-0 16. Nxg5 hxg5 17. Qxg5+ Bg6 18. Ne2 Bd2 19. Nf4 Kg7 20. Bc2 Nxf4 21. Bxf4 Bxc1 22. Bxc1 Rh8 23. Bxg6 fxg6 24. Qf6+ Kh7 25. Qxe6 Rcg8 26. Qh3+ Kg7 27. Qe6 Qd5 28. Qe7+ Qf7 29. Qg5 Nd5 30. Re1 Rh5 31. Qg4 Rgh8 32. h3 Qf5 33. Qg3 Rf8 34. e6 Re8 35. Qd6 Qf6 36. Qd7+ Re7 37. Qd6 Rf5 38. Re2 Qxd4 39. Rd2 Qc4 40. Rxd5 Qxc1+ 41. Kh2 Qf4+ 42. Qxf4 Rxf4 43. Rd7 Kf6 44. Kg3 Re4 45. Rd3 Kxe6 46. f3 Re5 47. f4 Re4 48. Kf3 Kf5 49. g4+ Kf6 50. Rd6+ Kg7 51. Rd3 a5 52. b3 b5 53. a3 a4 54. b4 Re1 55. Kg3 Rb1 56. Kh4 Rb3 57. Rd6 Rc7 58. Kg5 Rxh3 59. Rxg6+ Kh7 60. f5 Rxa3 61. f6 Rf7 62. Rh6+ Kg8 63. Kg6 Rf3 64. g5 a3 65. Rh8+ Kxh8 66. Kxf7 a2 67. g6 Rxf6+ 68. Kxf6 Kg8 69. Ke7 Kg7 0-1